Rent Character Profile - Roger Quiz Stats

Quiz not verified by Sporcle

Also try: Alliterative Names
Challenge
Share
Tweet
Embed
Score 0/10 Timer 04:00
0 Plays Today
Hint Answer % Correct
Current partnerMimi Marquez
98.7%
Current roommateMark Cohen
97%
HIV positive or negativePositive
96.1%
Ex partnerApril
91.8%
First songRent
87.9%
OccupationMusician
80.6%
Last songFinale B
79.3%
Originally portrayed byAdam Pascal
75.9%
Full NameRoger Davis
73.7%
Ex roommates Tom Collins and Benjamin Coffin III
50.9%

You're not logged in!

Compare scores with friends on all Sporcle quizzes.
Sign Up with Email
OR
Log In

You Might Also Like...

Show Comments

Extras

Top Quizzes Today


Score Distribution

Your Account Isn't Verified!

In order to create a playlist on Sporcle, you need to verify the email address you used during registration. Go to your Sporcle Settings to finish the process.